Statistics for Justice League Members

Click here to take the quiz!

General Stats

  • This quiz has been taken 3,047 times
  • The average score is 15 of 23

Answer Stats

Real nameAnswer% Correct
Bruce WayneBatman
100%
Clark KentSuperman
100%
Barry AllenFlash
99%
Diana PrinceWonder Woman
99%
Hal JordanGreen Lantern
97%
Oliver QueenGreen Arrow
92%
Dick GraysonNightwing/Robin
89%
Arthur CurryAquaman
88%
J'onn J'onzzMartian Manhunter
86%
Ray PalmerAtom
71%
Dinah Laurel LanceBlack Canary
70%
Shiera HallHawkgirl
67%
Carter HallHawkman
66%
Billy BatsonCaptain Marvel
63%
ZataraZatanna
54%
Ronnie RaymondFirestorm
49%
Ted KordBlue Beetle
41%
Kent NelsonDoctor Fate
39%
Ralph DibnyElongated Man
38%
John SmithRed Tornado
34%
Linda LangSupergirl
31%
Hank HeywoodSteel
19%
---------------------------Phantom Stranger
8%

Score Distribution

Percentile by Number Answered

Percent of People with Each Score

Your Score History

You have not taken this quiz